000 01021nmm a2200301 a 4500
001 ocm000582332
003 TR-IsHL
005 20201028122414.0
008 131028s2000 tu tur
007 cr cn
020 _a9789758151134
035 _a582332
_b(N$T)
050 0 4 _aBF1301
_b.Ö94 2000
090 0 4 _aBF1301
_b.Ö94 2000
100 1 _aÖzey, Ramazan
245 1 0 _aHer ölçüsünde sırlar saklı olan yaşadığımız dünya
_h[electronic resource] /
_cRamazan Özey
250 _a1. bs.
260 _aErzurum :
_bKültür ve Eğitim Vakfı Yayınları,
_c2000
300 _a320 p.
650 4 _aGenel Çalışmalar
650 4 _aGeneral Works
650 0 _aFelsefe
_x Açıklanamayan olaylar
650 0 _aPhilosophy
_x Unexplained phenomena
650 0 _aDin
_x Açıklanamayan olaylar
650 0 _aReligion
_x Unexplained phenomena
650 7 _aPHILOSOPHY / Religious
_2bisacsh
856 4 0 _uhttp://search.ebscohost.com/login.aspx?direct=true&scope=site&db=e011xww&AN=582332
999 _c1849
_d1849